[Event "Casablanca Mohammed op 4th"]
[Site "Casablanca"]
[Date "2023.08.19"]
[Round "9"]
[White "Fier, Alexandr"]
[Black "Ortiz Suarez, Isan Reynaldo"]
[Result "1-0"]
[WhiteElo "2600"]
[BlackElo "2486"]
[PlyCount "101"]
[EventDate "2023.08.14"]
[EventType "swiss"]
[EventRounds "9"]
[EventCountry "MAR"]
[SourceTitle "CBM 215 Extra"]
[Source "ChessBase"]
[SourceDate "2023.09.30"]
[SourceVersion "1"]
[SourceVersionDate "2023.09.30"]
[SourceQuality "1"]

1. d4 d5 2. c4 c6 3. Nf3 Nf6 4. Nc3 dxc4 5. a4 Bf5 6. Ne5 Nbd7 7. Nxc4 Qc7 8. g3 e5 9. dxe5 Nxe5 10. Bf4 Nfd7 11. Bg2 g5 12. Nxe5 gxf4 13. Nxd7 0-0-0 14. Qd4 Qxd7 15. Qxf4 Bd6 16. Qh6 Qe6 17. Qxe6+ Bxe6 18. Be4 h5 19. 0-0-0 h4 20. Kc2 Kc7 21. Bd3 Rh5 22. Rhg1 Rg8 23. Kb1 Rg4 24. Ne4 Be7 25. h3 Rg8 26. g4 Ra5 27. Nc3 Bf6 28. Bc2 b5 29. axb5 Rb8 30. Bd3 cxb5 31. Rc1 Kb6 32. e4 b4 33. Nd5+ Bxd5 34. exd5 Rxd5 35. Bc4 Rd4 36. g5 Bg7 37. Bxf7 Rbd8 38. Rc2 a5 39. Rgc1 R8d6 40. Bb3 Rd3 41. Ba4 Rxh3 42. Rc8 Rf3 43. Rb8+ Ka7 44. Rb5 Ka6 45. Rc7 Bd4 46. Rb8 Rf5 47. Bd7 Rxd7 48. Rxd7 Be5 49. Re8 Bf4 50. Re6+ Kb5 51. Rf6 1-0

[Event "CAN Transnational Classic"]
[Site "Montreal"]
[Date "2023.06.11"]
[Round "9"]
[White "Bosiocic, Marin"]
[Black "Ortiz Suarez, Isan Reynaldo"]
[Result "1-0"]
[WhiteElo "2543"]
[BlackElo "2503"]
[PlyCount "99"]
[EventDate "2023.06.06"]
[EventType "swiss"]
[EventRounds "9"]
[EventCountry "CAN"]
[SourceTitle "CBM 214 Extra"]
[Source "ChessBase"]
[SourceDate "2023.07.31"]
[SourceVersion "1"]
[SourceVersionDate "2023.07.31"]
[SourceQuality "1"]

1. d4 d5 2. c4 c6 3. Nf3 Nf6 4. Nc3 e6 5. Bg5 h6 6. Bxf6 Qxf6 7. e3 g6 8. e4 dxe4 9. Nxe4 Bb4+ 10. Ke2 Qf4 11. Qd3 Be7 12. g3 Qc7 13. Bg2 Nd7 14. Rhe1 0-0 15. Kf1 b6 16. Kg1 Ba6 17. Rac1 Rad8 18. Qd2 Kh7 19. d5 Nc5 20. d6 Bxd6 21. Nf6+ Kg7 22. Ng4 Rh8 23. Qc3+ Kg8 24. Nf6+ Kf8 25. Ne8 Kxe8 26. Qxh8+ Kd7 27. Qc3 Kc8 28. b4 Nd7 29. Qa3 Bb7 30. c5 bxc5 31. bxc5 Nxc5 32. Rxc5 Qb6 33. Rec1 Bxc5 34. Qxc5 Rd1+ 35. Bf1 Qxc5 36. Rxc5 Kc7 37. Ne5 f6 38. Nc4 Rc1 39. Ra5 a6 40. f4 Bc8 41. Kf2 Rc2+ 42. Be2 Rc1 43. h4 Rc3 44. Ra3 Rc2 45. Ne3 Rb2 46. Kf3 c5 47. Bxa6 Bd7 48. Bd3 f5 49. Ra7+ Kd8 50. Bc2 1-0

[Event "CUB-ch 59th"]
[Site "Holguin"]
[Date "2023.02.12"]
[Round "11"]
[White "Ortiz Suarez, Isan Reynaldo"]
[Black "Fernandez Cardoso, Alexey"]
[Result "1-0"]
[WhiteElo "2521"]
[BlackElo "2438"]
[PlyCount "73"]
[EventDate "2023.02.02"]
[EventType "tourn"]
[EventRounds "11"]
[EventCountry "CUB"]
[EventCategory "10"]
[SourceTitle "CBM 212 Extra"]
[Source "ChessBase"]
[SourceDate "2023.03.31"]
[SourceVersion "1"]
[SourceVersionDate "2023.03.31"]
[SourceQuality "1"]

1. Nf3 Nf6 2. c4 g6 3. g3 Bg7 4. Bg2 0-0 5. d4 d6 6. 0-0 Nfd7 7. Nc3 e5 8. Bg5 f6 9. Be3 Nc6 10. Rc1 Re8 11. dxe5 dxe5 12. Qd5+ Kh8 13. Rfd1 Qe7 14. Qd2 Nf8 15. Nd5 Qf7 16. b4 Ne6 17. b5 Ne7 18. Nh4 Ng8 19. a4 Bf8 20. c5 g5 21. Nf5 Nf4 22. gxf4 gxf4 23. Bxf4 Bxf5 24. Bg3 Rad8 25. Qa5 c6 26. Ne3 Rxd1+ 27. Rxd1 Qb3 28. bxc6 bxc6 29. Bxc6 Bc2 30. Rc1 Bh6 31. Bxe8 Bxe3 32. Rxc2 Qb1+ 33. Kg2 Qxc2 34. fxe3 Qxe2+ 35. Bf2 Qg4+ 36. Kf1 Qc4+ 37. Kg1 1-0

[Event "CUB-ch 59th"]
[Site "Holguin"]
[Date "2023.02.11"]
[Round "10"]
[White "Soto Hernandez, Henry"]
[Black "Ortiz Suarez, Isan Reynaldo"]
[Result "1/2-1/2"]
[WhiteElo "2483"]
[BlackElo "2521"]
[PlyCount "46"]
[EventDate "2023.02.02"]
[EventType "tourn"]
[EventRounds "11"]
[EventCountry "CUB"]
[EventCategory "10"]
[SourceTitle "CBM 212 Extra"]
[Source "ChessBase"]
[SourceDate "2023.03.31"]
[SourceVersion "1"]
[SourceVersionDate "2023.03.31"]
[SourceQuality "1"]

1. d4 Nf6 2. c4 e6 3. Nf3 d5 4. e3 b6 5. Nc3 Bd6 6. b3 0-0 7. Bb2 Bb7 8. cxd5 exd5 9. Bd3 Nbd7 10. 0-0 a6 11. Rc1 Re8 12. Ne2 Qe7 13. Ng3 g6 14. Qc2 Rac8 15. Qe2 h5 16. a4 a5 17. Bb5 c6 18. Ba6 Bxa6 19. Qxa6 Ng4 20. Qd3 h4 21. Ne2 h3 22. gxh3 Ngf6 23. Ng3 Ne4 1/2-1/2

[Event "CUB-ch 59th"]
[Site "Holguin"]
[Date "2023.02.10"]
[Round "9"]
[White "Ortiz Suarez, Isan Reynaldo"]
[Black "Diaz Murgada, Rider"]
[Result "1/2-1/2"]
[WhiteElo "2521"]
[BlackElo "2441"]
[PlyCount "35"]
[EventDate "2023.02.02"]
[EventType "tourn"]
[EventRounds "11"]
[EventCountry "CUB"]
[EventCategory "10"]
[SourceTitle "CBM 212 Extra"]
[Source "ChessBase"]
[SourceDate "2023.03.31"]
[SourceVersion "1"]
[SourceVersionDate "2023.03.31"]
[SourceQuality "1"]

1. e4 e5 2. Nf3 Nc6 3. Bc4 Bc5 4. c3 Nf6 5. d4 exd4 6. e5 d5 7. Bb5 Ne4 8. cxd4 Bb6 9. Nc3 0-0 10. Be3 Bg4 11. h3 Bh5 12. Qc2 Ba5 13. 0-0 Bxf3 14. gxf3 Nxd4 15. Bxd4 Qg5+ 16. Kh1 Bxc3 17. bxc3 Qf5 18. fxe4 1/2-1/2

[Event "CUB-ch 59th"]
[Site "Holguin"]
[Date "2023.02.04"]
[Round "3"]
[White "Perez Leiva, Jerzy Jesus"]
[Black "Ortiz Suarez, Isan Reynaldo"]
[Result "0-1"]
[WhiteElo "2393"]
[BlackElo "2521"]
[PlyCount "58"]
[EventDate "2023.02.02"]
[EventType "tourn"]
[EventRounds "11"]
[EventCountry "CUB"]
[EventCategory "10"]
[SourceTitle "CBM 212 Extra"]
[Source "ChessBase"]
[SourceDate "2023.03.31"]
[SourceVersion "1"]
[SourceVersionDate "2023.03.31"]
[SourceQuality "1"]

1. e4 c5 2. Nf3 d6 3. d4 cxd4 4. Nxd4 Nf6 5. Nc3 a6 6. Bc4 e6 7. Be3 b5 8. Bb3 Nbd7 9. f3 Nc5 10. Qd2 Qc7 11. g4 Nfd7 12. g5 Nb6 13. a3 Bd7 14. h4 Rb8 15. h5 Nc4 16. Bxc4 bxc4 17. Rb1 Be7 18. Nde2 0-0 19. h6 g6 20. Qd4 e5 21. Qd2 Be6 22. 0-0 Qc6 23. Nd5 Bxd5 24. exd5 Qc8 25. b4 cxb3 26. cxb3 Rxb3 27. Rxb3 Nxb3 28. Qc3 Nc5 29. Rb1 Qf5 0-1

[Event "Carlos Torre Memorial op 32nd"]
[Site "Merida"]
[Date "2022.12.20"]
[Round "8"]
[White "Ortiz Suarez, Isan Reynaldo"]
[Black "Quesada Perez, Yasser"]
[Result "1/2-1/2"]
[WhiteElo "2517"]
[BlackElo "2598"]
[PlyCount "117"]
[EventDate "2022.12.16"]
[EventType "swiss"]
[EventRounds "9"]
[EventCountry "MEX"]
[SourceTitle "CBM 212 Extra"]
[Source "ChessBase"]
[SourceDate "2023.03.31"]
[SourceVersion "1"]
[SourceVersionDate "2023.03.31"]
[SourceQuality "1"]

1. e4 e5 2. Nf3 Nc6 3. Bb5 a6 4. Ba4 Nf6 5. 0-0 b5 6. Bb3 Bb7 7. d3 Be7 8. c4 0-0 9. Nc3 bxc4 10. Bxc4 d6 11. a3 Bc8 12. h3 Be6 13. Bxe6 fxe6 14. Be3 Nh5 15. Rc1 Qe8 16. Nb1 Bd8 17. Nbd2 Rb8 18. Rc2 Nf4 19. Bxf4 Rxf4 20. Qe2 a5 21. Rfc1 Rb6 22. Qd1 Rf8 23. Rc3 Nd4 24. Nxd4 exd4 25. Rb3 Rb5 26. Nf3 e5 27. a4 Rxb3 28. Qxb3+ Kh8 29. Kf1 h6 30. Qb5 c5 31. Qxe8 Rxe8 32. Ra1 Bc7 33. Nd2 Rb8 34. Nc4 Kg8 35. Ke2 Kf7 36. g3 g5 37. Rf1 Ke7 38. f4 gxf4 39. gxf4 exf4 40. Rg1 Kf6 41. h4 Rb3 42. h5 f3+ 43. Kxf3 Rxd3+ 44. Ke2 Rh3 45. Rg6+ Kf7 46. Rxh6 d3+ 47. Kf2 d5 48. Rh7+ Kg8 49. Rxc7 dxc4 50. Rxc5 Rh2+ 51. Kg3 Rxb2 52. Rxc4 Rb4 53. Rc8+ Kg7 54. Kf4 Rd4 55. Rc1 Rxa4 56. Ke3 Kh6 57. e5 d2 58. Rd1 Kxh5 59. Rxd2 1/2-1/2

[Event "Carlos Torre Memorial op 32nd"]
[Site "Merida"]
[Date "2022.12.19"]
[Round "6"]
[White "Cardoso Cardoso, Jose Gabriel"]
[Black "Ortiz Suarez, Isan Reynaldo"]
[Result "0-1"]
[WhiteElo "2486"]
[BlackElo "2517"]
[PlyCount "94"]
[EventDate "2022.12.16"]
[EventType "swiss"]
[EventRounds "9"]
[EventCountry "MEX"]
[SourceTitle "CBM 212 Extra"]
[Source "ChessBase"]
[SourceDate "2023.03.31"]
[SourceVersion "1"]
[SourceVersionDate "2023.03.31"]
[SourceQuality "1"]

1. e4 c5 2. Nf3 d6 3. d4 cxd4 4. Nxd4 Nf6 5. Nc3 a6 6. Bg5 e6 7. Qf3 h6 8. Bd2 Qc7 9. g4 b5 10. a3 Bb7 11. Bg2 Nbd7 12. h4 Ne5 13. Qe2 Qc4 14. Qxc4 Nxc4 15. g5 hxg5 16. hxg5 Rxh1+ 17. Bxh1 Nd7 18. Bc1 g6 19. b3 Bg7 20. Nde2 Ncb6 21. Be3 Rc8 22. Kd2 d5 23. exd5 Nxd5 24. Bd4 Bxd4 25. Nxd4 N7b6 26. Nxd5 Bxd5 27. Rc1 Rc5 28. f4 Ke7 29. Ne2 e5 30. fxe5 Bxh1 31. Rxh1 Rd5+ 32. Ke3 Rxe5+ 33. Kf3 Rxg5 34. Rh8 Rf5+ 35. Ke4 Rf1 36. Rb8 Nd7 37. Ra8 f5+ 38. Ke3 g5 39. Rxa6 f4+ 40. Kd2 g4 41. Nd4 g3 42. Nf5+ Kf7 43. Nh6+ Kf8 44. Rg6 Rf2+ 45. Ke1 Rxc2 46. Rg8+ Ke7 47. Nf5+ Kf7 0-1

[Event "Carlos Torre Memorial op 32nd"]
[Site "Merida"]
[Date "2022.12.17"]
[Round "3"]
[White "Ortiz Suarez, Isan Reynaldo"]
[Black "Rios, Cristhian Camilo"]
[Result "1/2-1/2"]
[WhiteElo "2517"]
[BlackElo "2460"]
[PlyCount "47"]
[EventDate "2022.12.16"]
[EventType "swiss"]
[EventRounds "9"]
[EventCountry "MEX"]
[SourceTitle "CBM 212 Extra"]
[Source "ChessBase"]
[SourceDate "2023.03.31"]
[SourceVersion "1"]
[SourceVersionDate "2023.03.31"]
[SourceQuality "1"]

1. e4 c5 2. Nf3 Nc6 3. Bb5 e5 4. 0-0 Bd6 5. c3 a6 6. Bxc6 dxc6 7. d4 exd4 8. cxd4 Bg4 9. dxc5 Bxc5 10. Qc2 Ba7 11. Ne5 Be6 12. Nd2 Nf6 13. Ndf3 h6 14. b3 Qe7 15. Bb2 0-0 16. Rfe1 Rfd8 17. Rac1 Ng4 18. Nxg4 Bxg4 19. Nh4 Be6 20. Nf3 Bg4 21. Nh4 Be6 22. Nf3 Bg4 23. Nh4 Be6 24. Nf3 1/2-1/2

[Event "Waterloo Maplewood"]
[Site "Waterloo"]
[Date "2022.11.19"]
[Round "9"]
[White "Samsonkin, Artiom"]
[Black "Ortiz Suarez, Isan Reynaldo"]
[Result "0-1"]
[WhiteElo "2421"]
[BlackElo "2520"]
[PlyCount "82"]
[EventDate "2022.11.14"]
[EventType "tourn"]
[EventRounds "9"]
[EventCountry "CAN"]
[EventCategory "9"]
[SourceTitle "CBM 211 Extra"]
[Source "ChessBase"]
[SourceDate "2023.01.31"]
[SourceVersion "1"]
[SourceVersionDate "2023.01.31"]
[SourceQuality "1"]

1. e4 c5 2. Nf3 d6 3. Bb5+ Nd7 4. a4 Ngf6 5. Nc3 a6 6. Be2 g6 7. a5 Bg7 8. 0-0 0-0 9. d3 b6 10. axb6 Nxb6 11. Kh1 a5 12. Bd2 Bd7 13. Qc1 Qc7 14. Bh6 Rfb8 15. Bxg7 Kxg7 16. Nd2 Bc6 17. f4 a4 18. Bf3 e5 19. fxe5 dxe5 20. Qe1 Qd6 21. Qg3 c4 22. Be2 cxd3 23. cxd3 Rb7 24. Nf3 Nbd7 25. d4 Nh5 26. Qf2 Rxb2 27. d5 Bb7 28. Nxa4 Rxe2 29. Qxe2 Ba6 30. Qe1 Bxf1 31. Qxf1 Qb4 32. Nc3 Rc8 33. Nb5 Rc2 34. Rb1 Qxe4 35. Nd6 Qf4 36. Qb5 Nhf6 37. Ne8+ Nxe8 38. Qxd7 Nf6 39. Qd6 Ng4 40. Rf1 Rc1 41. Qa6 e4 0-1

[Event "Waterloo Maplewood"]
[Site "Waterloo"]
[Date "2022.11.16"]
[Round "3"]
[White "Ortiz Suarez, Isan Reynaldo"]
[Black "Noritsyn, Nikolay"]
[Result "1-0"]
[WhiteElo "2520"]
[BlackElo "2446"]
[PlyCount "95"]
[EventDate "2022.11.14"]
[EventType "tourn"]
[EventRounds "9"]
[EventCountry "CAN"]
[EventCategory "9"]
[SourceTitle "CBM 211 Extra"]
[Source "ChessBase"]
[SourceDate "2023.01.31"]
[SourceVersion "1"]
[SourceVersionDate "2023.01.31"]
[SourceQuality "1"]

1. Nf3 e6 2. c4 d5 3. g3 g6 4. Bg2 Bg7 5. cxd5 exd5 6. d4 Ne7 7. Nc3 Nbc6 8. 0-0 Bg4 9. e3 Qd7 10. b4 a6 11. Qb3 0-0 12. Ne1 Bh3 13. Bxh3 Qxh3 14. Nxd5 Nxd5 15. Qxd5 Rad8 16. Qc4 Rfe8 17. Bb2 Rd6 18. Nf3 Qh5 19. Kg2 Rf6 20. Nd2 b5 21. Qc5 Qe2 22. d5 Ne5 23. Bxe5 Rxe5 24. Qxc7 Ref5 25. Ne4 Qf3+ 26. Kg1 Qxe4 27. d6 Rxd6 28. Qxd6 Bxa1 29. Rxa1 h5 30. Rd1 Kh7 31. Qd4 Qe6 32. Rd2 Rf6 33. h4 Qf5 34. e4 Qe6 35. Rc2 Qd6 36. Qxd6 Rxd6 37. Rc7 Kg7 38. e5 Rd4 39. e6 Kf6 40. e7 Re4 41. Ra7 g5 42. hxg5+ Kxg5 43. Rxa6 Kg4 44. Rb6 Rxe7 45. Rxb5 Ra7 46. Ra5 Rb7 47. b5 Kh3 48. Ra4 1-0

[Event "Waterloo Maplewood"]
[Site "Waterloo"]
[Date "2022.11.16"]
[Round "4"]
[White "Sai, Krishna GV"]
[Black "Ortiz Suarez, Isan Reynaldo"]
[Result "1-0"]
[WhiteElo "2396"]
[BlackElo "2520"]
[PlyCount "69"]
[EventDate "2022.11.14"]
[EventType "tourn"]
[EventRounds "9"]
[EventCountry "CAN"]
[EventCategory "9"]
[SourceTitle "CBM 211 Extra"]
[Source "ChessBase"]
[SourceDate "2023.01.31"]
[SourceVersion "1"]
[SourceVersionDate "2023.01.31"]
[SourceQuality "1"]

1. e4 c5 2. Nf3 d6 3. d4 cxd4 4. Nxd4 Nf6 5. Nc3 a6 6. Bg5 e6 7. f4 h6 8. Bh4 Be7 9. Qf3 Qc7 10. 0-0-0 Nbd7 11. Be2 Rg8 12. Bg3 g5 13. e5 g4 14. Qf2 dxe5 15. fxe5 Nh5 16. Nd5 Bg5+ 17. Kb1 Qc5 18. Rhf1 Rf8 19. Nxe6 fxe6 20. Qxc5 Nxc5 21. Nc7+ Ke7 22. Rxf8 Kxf8 23. Nxa8 Nxg3 24. hxg3 Nd7 25. Bxg4 Ke7 26. Rd4 b5 27. Bf3 Be3 28. Re4 Ba7 29. a4 bxa4 30. Rxa4 Nxe5 31. Be2 Nd7 32. Nc7 Nc5 33. Ra3 e5 34. b4 Ne4 35. Bxa6 1-0

[Event "Olympiad-44"]
[Site "Chennai"]
[Date "2022.07.31"]
[Round "3.4"]
[White "Ortiz Suarez, Isan Reynaldo"]
[Black "Onischuk, Vladimir"]
[Result "1/2-1/2"]
[WhiteElo "2526"]
[BlackElo "2612"]
[PlyCount "232"]
[EventDate "2022.07.29"]
[EventType "team-swiss"]
[EventRounds "11"]
[EventCountry "IND"]
[SourceTitle "CBM 210"]
[Source "ChessBase"]
[SourceDate "2022.10.31"]
[SourceVersion "1"]
[SourceVersionDate "2022.10.31"]
[SourceQuality "1"]
[WhiteTeam "Cuba"]
[BlackTeam "Ukraine"]
[WhiteTeamCountry "CUB"]
[BlackTeamCountry "UKR"]

1. e4 e5 2. Nf3 Nc6 3. Bb5 Nf6 4. d3 Bc5 5. Bxc6 dxc6 6. 0-0 Qe7 7. Bg5 h6 8. Bh4 Bg4 9. Nbd2 0-0-0 10. h3 Bh5 11. Bg3 Nd7 12. c3 Bd6 13. Re1 f6 14. Qc2 g5 15. d4 g4 16. hxg4 Bxg4 17. Nh4 Rdg8 18. Nc4 h5 19. Qd3 Rg5 20. Qe3 Rhg8 21. f4 exf4 22. Nxd6+ cxd6 23. Bxf4 R5g7 24. Bh6 Rh7 25. Rf1 Qe6 26. Bf4 Nb6 27. b3 d5 28. Bh2 dxe4 29. Qf4 Kd8 30. Rae1 Nd5 31. Qb8+ Qc8 32. Qxa7 f5 33. c4 Ne7 34. Bd6 Ke8 35. Qc5 Qe6 36. Bxe7 Rxe7 37. Nxf5 Bxf5 38. Qxf5 h4 39. Qxe6 Rxe6 40. Rf4 Reg6 41. Kh1 Rxg2 42. Rexe4+ Kd8 43. Rf8+ Rxf8 44. Kxg2 h3+ 45. Kxh3 Rf2 46. Kg4 Rxa2 47. Kf5 Kd7 48. Ke5 Rh2 49. Rg4 Re2+ 50. Kf4 b6 51. Rg7+ Kc8 52. Rg3 Kd7 53. Re3 Rd2 54. Ke4 Rb2 55. Rh3 Re2+ 56. Kd3 Re7 57. Kc3 Rg7 58. Kb4 Rg4 59. Rd3 Kc7 60. Ka4 Rg5 61. Kb4 Rg4 62. Kc3 Rh4 63. Rg3 Rh7 64. Rg5 Rh3+ 65. Kb4 Rh4 66. d5 cxd5 67. Rxd5 Kc6 68. Rg5 Rh6 69. Ka4 Rh4 70. Rg6+ Kc7 71. Re6 Rg4 72. Kb4 Rg3 73. Rh6 Rf3 74. Ka4 Rf4 75. Kb4 Rf3 76. Rh4 Kc6 77. Ka4 Rf1 78. Rh6+ Kc7 79. b4 Rf5 80. Rh7+ Kc8 81. Kb3 Rf3+ 82. Kc2 Rg3 83. Re7 Rh3 84. Kd2 Rb3 85. b5 Rh3 86. Re3 Rh4 87. Kd3 Kc7 88. Re4 Rh7 89. Kd4 Rd7+ 90. Kc3 Rh7 91. Re5 Rh4 92. Kd3 Rh7 93. Kd4 Rd7+ 94. Ke4 Rh7 95. Re6 Rh4+ 96. Kd5 Rh5+ 97. Re5 Rh7 98. Kd4 Rd7+ 99. Kc3 Rh7 100. Kb4 Rh4 101. Re7+ Kc8 102. Kc3 Rg4 103. Kd3 Rh4 104. Re4 Rh7 105. Kd4 Kc7 106. Kd5 Rd7+ 107. Ke6 Rd1 108. Rf4 Re1+ 109. Kd5 Rd1+ 110. Rd4 Rh1 111. Rf4 Rd1+ 112. Ke5 Re1+ 113. Kd4 Rd1+ 114. Kc3 Rc1+ 115. Kb3 Rb1+ 116. Kc2 Rh1 1/2-1/2

[Event "Olympiad-44"]
[Site "Chennai"]
[Date "2022.07.29"]
[Round "1.4"]
[White "Kyaw, Myat Aung"]
[Black "Ortiz Suarez, Isan Reynaldo"]
[Result "0-1"]
[WhiteElo "1839"]
[BlackElo "2526"]
[PlyCount "82"]
[EventDate "2022.07.29"]
[EventType "team-swiss"]
[EventRounds "11"]
[EventCountry "IND"]
[SourceTitle "CBM 210"]
[Source "ChessBase"]
[SourceDate "2022.10.31"]
[SourceVersion "1"]
[SourceVersionDate "2022.10.31"]
[SourceQuality "1"]
[WhiteTeam "Myanmar"]
[BlackTeam "Cuba"]
[WhiteTeamCountry "MYA"]
[BlackTeamCountry "CUB"]

1. e4 c5 2. Nf3 d6 3. b3 Nc6 4. Bb2 e5 5. Bc4 g6 6. 0-0 Bg7 7. Nc3 a6 8. Re1 b5 9. Bf1 Nge7 10. Nd5 Nxd5 11. exd5 Ne7 12. c3 0-0 13. d4 exd4 14. cxd4 Bb7 15. Qd2 Nxd5 16. dxc5 Bxb2 17. Qxb2 dxc5 18. Rac1 Rc8 19. Qe5 Qb6 20. h4 Nf6 21. Qf4 Rcd8 22. Re5 Rd5 23. Rxd5 Bxd5 24. Qe3 Rc8 25. Ne5 Qe6 26. Qg3 Qf5 27. Nd3 Be4 28. Qd6 Rc6 29. Qb8+ Kg7 30. Qg3 h5 31. Qe3 Nd5 32. Qg3 c4 33. Ne5 Re6 34. bxc4 Qxe5 35. Qxe5+ Rxe5 36. cxd5 Rxd5 37. a4 bxa4 38. Rc4 Bf5 39. Rxa4 Rd1 40. Ra3 Bd7 41. Rd3 Rxf1+ 0-1

[Event "Canadian-ch op"]
[Site "Hamilton"]
[Date "2022.07.17"]
[Round "8"]
[White "Ortiz Suarez, Isan Reynaldo"]
[Black "Gavrilin, Roman"]
[Result "1-0"]
[WhiteElo "2526"]
[BlackElo "2082"]
[PlyCount "68"]
[EventDate "2022.07.12"]
[EventType "swiss"]
[EventRounds "9"]
[EventCountry "CAN"]
[SourceTitle "CBM 209 Extra"]
[Source "ChessBase"]
[SourceDate "2022.09.30"]
[SourceVersion "1"]
[SourceVersionDate "2022.09.30"]
[SourceQuality "1"]

1. e4 c5 2. Nf3 d6 3. d4 cxd4 4. Nxd4 Nf6 5. Nc3 a6 6. Bg5 Nbd7 7. Bc4 e6 8. f4 b5 9. Bxe6 fxe6 10. Nxe6 Qb6 11. Nd5 Nxd5 12. Qxd5 Qe3+ 13. Kf1 Nb6 14. Nc7+ Kd7 15. Qf7+ Kc6 16. Nxa8 Nxa8 17. Qd5+ Kc7 18. Qxa8 Bh3 19. e5 Be6 20. b3 d5 21. f5 Qxg5 22. Qa7+ Kc8 23. fxe6 Be7 24. h4 Qxe5 25. Rd1 Rf8+ 26. Kg1 d4 27. Qxa6+ Kb8 28. Rh3 Qe2 29. Qb6+ Ka8 30. Qxd4 Rd8 31. Qxd8+ Bxd8 32. Rxd8+ Kb7 33. Rd7+ Kc6 34. Rxg7 Kd5 1-0

[Event "Canadian-ch op"]
[Site "Hamilton"]
[Date "2022.07.15"]
[Round "6"]
[White "Ortiz Suarez, Isan Reynaldo"]
[Black "Noritsyn, Nikolay"]
[Result "1/2-1/2"]
[WhiteElo "2526"]
[BlackElo "2482"]
[PlyCount "156"]
[EventDate "2022.07.12"]
[EventType "swiss"]
[EventRounds "9"]
[EventCountry "CAN"]
[SourceTitle "CBM 209 Extra"]
[Source "ChessBase"]
[SourceDate "2022.09.30"]
[SourceVersion "1"]
[SourceVersionDate "2022.09.30"]
[SourceQuality "1"]

1. Nf3 e6 2. c4 d5 3. d4 dxc4 4. e3 b5 5. a4 b4 6. Bxc4 Nf6 7. 0-0 Bb7 8. Nbd2 Nbd7 9. Qe2 c5 10. Nb3 Be7 11. dxc5 0-0 12. Bd2 a5 13. Rac1 Nxc5 14. Nxc5 Bxc5 15. Rfd1 Qb6 16. Bb5 Bd6 17. Be1 Rac8 18. Nd2 Rxc1 19. Rxc1 Bb8 20. f3 Nd5 21. Nc4 Qd8 22. Rd1 f5 23. Bg3 Bxg3 24. hxg3 Qc7 25. e4 Qc5+ 26. Kf1 fxe4 27. Qxe4 Rf6 28. Qd4 Qc7 29. Kf2 h6 30. Rd2 Bc6 31. Qc5 Bxb5 32. Qxc7 Nxc7 33. axb5 Nxb5 34. Nxa5 Nc7 35. Nc6 Nd5 36. Rd4 Rf8 37. Nxb4 Nxb4 38. Rxb4 Rc8 39. Re4 Kf7 40. b4 Ke7 41. g4 Kd6 42. Rd4+ Ke5 43. Rd2 Rc4 44. Rb2 Kd6 45. b5 Kc7 46. Re2 Kd6 47. Ra2 Rb4 48. Ra6+ Kd5 49. Rb6 Rb2+ 50. Kg3 g5 51. Kh2 Rb1 52. Rb8 Kc5 53. Rh8 Rxb5 54. Rxh6 Kd6 55. Rh7 Ke5 56. Rf7 Rb2 57. Kh3 Rb4 58. Rf8 Ra4 59. Kh2 Rb4 60. Kg1 Rb1+ 61. Kf2 Rb2+ 62. Kg3 Rb4 63. Rh8 Kf6 64. Rh6+ Kf7 65. Rh1 Kf6 66. Rf1 Ra4 67. Rf2 Rb4 68. Kh3 Ra4 69. g3 Rb4 70. f4 Ra4 71. fxg5+ Kxg5 72. Rf8 Ra1 73. Rg8+ Kf6 74. g5+ Kf7 75. Rb8 Ra4 76. Rh8 Kg6 77. Rh6+ Kxg5 78. Rxe6 Rb4 1/2-1/2

[Event "Canadian-ch op"]
[Site "Hamilton"]
[Date "2022.07.14"]
[Round "4"]
[White "Ortiz Suarez, Isan Reynaldo"]
[Black "Vera Gonzalez Quevedo, Reynaldo"]
[Result "1-0"]
[WhiteElo "2526"]
[BlackElo "2412"]
[PlyCount "147"]
[EventDate "2022.07.12"]
[EventType "swiss"]
[EventRounds "9"]
[EventCountry "CAN"]
[SourceTitle "CBM 209 Extra"]
[Source "ChessBase"]
[SourceDate "2022.09.30"]
[SourceVersion "1"]
[SourceVersionDate "2022.09.30"]
[SourceQuality "1"]

1. e4 e5 2. Nf3 Nc6 3. Bb5 f5 4. Nc3 fxe4 5. Nxe4 Nf6 6. Qe2 d5 7. Nxf6+ gxf6 8. d4 Bg7 9. dxe5 0-0 10. Bxc6 bxc6 11. 0-0 Bg4 12. e6 Re8 13. Qd3 c5 14. Nh4 Bxe6 15. Qg3 Rb8 16. b3 Rb4 17. Bf4 Qd7 18. Rfe1 f5 19. Rad1 Qf7 20. Nf3 Qh5 21. h3 c6 22. Bd6 Re4 23. Bxc5 f4 24. Qg5 Bf7 25. Kf1 Bg6 26. Qxh5 Bxh5 27. Rc1 Bb2 28. Rb1 Bc3 29. Rxe4 dxe4 30. Ng1 Rd8 31. f3 e3 32. Ne2 Be5 33. Bxa7 Bg6 34. g3 Bxc2 35. Re1 fxg3 36. Bxe3 Ra8 37. f4 Bf6 38. Nxg3 Bc3 39. Rc1 Rxa2 40. Ne2 Bb4 41. Nd4 Be4 42. Nxc6 Ba3 43. Rc3 Bg2+ 44. Ke1 Bxh3 45. Bc5 Ra1+ 46. Kf2 Ra2+ 47. Kg3 Bf1 48. Bxa3 Rxa3 49. Kg4 Kg7 50. Nd4 Ra7 51. Nf5+ Kf7 52. Kg5 Bg2 53. b4 Ke6 54. Rc5 Ra4 55. Rb5 Kd7 56. Nd4 Bf1 57. Rd5+ Ke8 58. Nc6 Bg2 59. Rd8+ Kf7 60. Ne5+ Ke6 61. Rb8 Ra3 62. Re8+ Kd5 63. f5 Bh3 64. f6 Be6 65. Kf4 Ra6 66. Re7 Rb6 67. Nd3 Bc8 68. Kg5 Kd4 69. f7 Rg6+ 70. Kh5 Rf6 71. Ne5 Rf5+ 72. Kh6 Kd5 73. Kg7 Be6 74. Kh6 1-0

[Event "Canadian-ch op"]
[Site "Hamilton"]
[Date "2022.07.13"]
[Round "3"]
[White "Zomorrodian, Eilia"]
[Black "Ortiz Suarez, Isan Reynaldo"]
[Result "0-1"]
[WhiteElo "2155"]
[BlackElo "2526"]
[PlyCount "68"]
[EventDate "2022.07.12"]
[EventType "swiss"]
[EventRounds "9"]
[EventCountry "CAN"]
[SourceTitle "CBM 209 Extra"]
[Source "ChessBase"]
[SourceDate "2022.09.30"]
[SourceVersion "1"]
[SourceVersionDate "2022.09.30"]
[SourceQuality "1"]

1. e4 c5 2. Nf3 d6 3. Bb5+ Nd7 4. 0-0 a6 5. Bd3 Ngf6 6. c3 e6 7. Bc2 b5 8. d4 Bb7 9. Qe2 Be7 10. Bg5 h6 11. Bh4 0-0 12. a4 bxa4 13. Nbd2 cxd4 14. cxd4 Nb6 15. e5 dxe5 16. dxe5 Nfd7 17. Bxe7 Qxe7 18. Ne4 Rfb8 19. Ra3 Bd5 20. Rc3 Rc8 21. Ng3 Rxc3 22. bxc3 Qc5 23. Qd3 Nf8 24. Ne4 Bxe4 25. Qxe4 a3 26. Qb4 Rc8 27. Bd3 a5 28. Qb1 Nd5 29. c4 Nb4 30. Qb3 a2 31. Ra1 Nd7 32. Qc3 Nb6 33. Nd2 Na4 34. Qb3 Qd4 0-1

[Event "Capablanca Memorial Elite 55th"]
[Site "Havana"]
[Date "2022.04.26"]
[Round "7"]
[White "Ortiz Suarez, Isan Reynaldo"]
[Black "Ganguly, Surya Shekhar"]
[Result "1/2-1/2"]
[WhiteElo "2533"]
[BlackElo "2609"]
[PlyCount "80"]
[EventDate "2022.04.19"]
[EventType "tourn"]
[EventRounds "9"]
[EventCountry "CUB"]
[EventCategory "14"]
[SourceTitle "CBM 208 Extra"]
[Source "ChessBase"]
[SourceDate "2022.07.31"]
[SourceVersion "1"]
[SourceVersionDate "2022.07.31"]
[SourceQuality "1"]

1. Nf3 d5 2. c4 d4 3. b4 g5 4. Qb3 f6 5. e3 e5 6. h3 c5 7. bxc5 Ne7 8. Be2 Na6 9. exd4 exd4 10. Bb2 Bg7 11. Nxd4 0-0 12. 0-0 Nxc5 13. Qa3 Ne4 14. d3 Nd6 15. Nc3 f5 16. Ncb5 Nf7 17. Nb3 Bxb2 18. Qxb2 Ng6 19. Rfe1 g4 20. hxg4 fxg4 21. Bf1 Nh4 22. Nd2 a6 23. Nc3 Qd4 24. Nd1 Qf4 25. Ne4 Ng5 26. Nxg5 Qxg5 27. Qe5 Bf5 28. Ne3 Rae8 29. Qd5+ Kh8 30. Nxf5 Nxf5 31. g3 Qf6 32. Kh1 Qh6+ 33. Kg1 Qf6 34. Kh1 Qh6+ 35. Kg2 Qf6 36. Kh1 Nd4 37. Qh5 Rxe1 38. Rxe1 Qxf2 39. Qe5+ Qf6 40. Bg2 b6 1/2-1/2